Barcelona all-time top scorers - Statistics

General Stats
  • This quiz has been taken 515 times
    200 since last reset
  • The average score is 4 of 10
Answer Stats
Gaols Nationality Player % Correct
672 Argentina Lionel Messi
100%
198 Uruguay Luis Suárez
95%
130 Cameroon Samuel Eto'o
81%
130 Brazil Rivaldo
60%
194 Hungary / Spain László Kubala
22%
230 Spain César Rodríguez
13%
138 Philippines Paulino Alcántara
9%
187 Spain José Samitier
5%
158 Spain Josep Escolà
3%
127 Spain Ángel Arocha
2%
No matching quizzes found
Score Distribution
Percent of People with Each Score
Percentile by Number Answered
Your Score History
You have not taken this quiz since the last reset